Pays / nations de l'UEFA sans participation aux grandes compétitions - Statistiques

Statistiques générales
  • Ce quiz a été pris 74 fois
  • Le résultat moyen est 14 sur 17
Statistiques - réponses
Réponse % Correct
Saint Marin
99%
Andorre
96%
Liechtenstein
93%
Malte
91%
Lituanie
89%
Luxembourg
89%
Chypre
87%
Estonie
86%
Moldavie
86%
Kosovo
84%
Gibraltar
83%
Monténégro
81%
Biélorussie
79%
Arménie
77%
Azerbaïdjan
71%
Iles Féroé
70%
Kazakhstan
61%
Aucun quiz correspondant
Distribution des résultats
% des personnes avec chaque résultat
Percentile par nombre de réponses
Votre historique - résultats
Vous n’avez pas pris ce quiz